000 01006nam0a22002891 4500
001 v19\rc\1701171
005 20260406110005.0
035 _a(NLR Aleph) 004803025
090 _a4848892
_c4848892
100 _a20061002d1898 |||y0rusy50 ca
101 0 _arus
102 _aRU
105 _ay z |||a|
200 1 _aРека забвения
_e(Лета)
_eКомедия-фарс в 3-х д.
_fПеределка с англ. С.К. Ленни
210 _aСанкт-Петербург
_cтипо-лит. А.Э. Винеке
_d1898
215 _a[1], 100 с.
_d24
309 _aНаписано от руки. Литогр.
700 1 _8rus
_7ca
_aЛенни
_bС. К.
_f1860-1900
_gСергей Константинович
_3RU\NLR\AUTH\77104636
_987561
801 0 _aRU
_bNLR
_gpsbo
801 0 _aRU
_bRuMoRGB
_2psbo
801 1 _aRU
_bProSoft-M
_2rusmarc
801 2 _aRU
_bNLR
_c20130812
_2rusmarc
852 _aNLR
_j18.200.4.511
899 _aRuMoRGB
_jA 289/98
899 _aБАН
942 _cBOOK
980 _aNB